Religions of the world; (Record no. 1418)
[ view plain ]
| 000 -LEADER | |
|---|---|
| fixed length control field | 00729nam a2200241 4500 |
| 001 - CONTROL NUMBER | |
| control field | 314882 |
| 003 - CONTROL NUMBER IDENTIFIER | |
| control field | OSt |
| 005 - DATE AND TIME OF LATEST TRANSACTION | |
| control field | 20180912202236.0 |
| 008 - FIXED-LENGTH DATA ELEMENTS--GENERAL INFORMATION | |
| fixed length control field | 720504s1972 ohu b |000 0 eng |
| 010 ## - LIBRARY OF CONGRESS CONTROL NUMBER | |
| LC control number | 72188037 |
| 040 ## - CATALOGING SOURCE | |
| Original cataloging agency | DLC |
| Transcribing agency | DLC |
| Modifying agency | BSC |
| 082 ## - DEWEY DECIMAL CLASSIFICATION NUMBER | |
| Classification number | 200.7 |
| Item number | B959R |
| 092 ## - LOCALLY ASSIGNED DEWEY CALL NUMBER (OCLC) | |
| Classification number | 200.7 |
| Item number | B959r |
| 100 1# - MAIN ENTRY--PERSONAL NAME | |
| Personal name | Burks, Thompson. |
| 245 10 - TITLE STATEMENT | |
| Title | Religions of the world; |
| Remainder of title | a study course for adults. |
| 250 ## - EDITION STATEMENT | |
| Edition statement | Student [ed.] |
| 260 ## - PUBLICATION, DISTRIBUTION, ETC. | |
| Place of publication, distribution, etc. | Cincinnati, |
| Name of publisher, distributor, etc. | Standard Pub. |
| Date of publication, distribution, etc. | [1972] |
| 300 ## - PHYSICAL DESCRIPTION | |
| Extent | 112 p. |
| Dimensions | 22 cm. |
| 500 ## - GENERAL NOTE | |
| General note | The main work, also issued separately, is preceded by the author's "Instructor" with special t.p. |
| 504 ## - BIBLIOGRAPHY, ETC. NOTE | |
| Bibliography, etc. note | Bibliography: p. 112 (2d group) |
| 650 #0 - SUBJECT ADDED ENTRY--TOPICAL TERM | |
| Topical term or geographic name entry element | Religions |
| General subdivision | Study and teaching. |
| 942 ## - ADDED ENTRY ELEMENTS (KOHA) | |
| Source of classification or shelving scheme | Dewey Decimal Classification |
| Koha item type | Books |
| Withdrawn status | Lost status | Source of classification or shelving scheme | Damaged status | Not for loan | Collection code | Home library | Current library | Shelving location | Date acquired | Total Checkouts | Full call number | Barcode | Date last seen | Price effective from | Koha item type | Cost, normal purchase price |
|---|---|---|---|---|---|---|---|---|---|---|---|---|---|---|---|---|
| Dewey Decimal Classification | Non-fiction | Harvest Mission College | Harvest Mission College | General Stacks | 24.08.2018 | 290 B959M | 003675 | 24.08.2018 | 24.08.2018 | Books | ||||||
| Dewey Decimal Classification | Non-fiction | Harvest Mission College | Harvest Mission College | General Stacks | 12.09.2018 | 290 B959M | 003678 | 12.09.2018 | 12.09.2018 | Books | 230.00 |
